[Event "Sports Meet Chess Tour 55th"]
[Site "New Delhi"]
[Date "2022.12.17"]
[Round "3.4"]
[White "Tomar, Nishant Singh"]
[Black "Patodkar Devesh, S."]
[Result "1-0"]
[WhiteElo "1499"]
[BlackElo "1082"]
[PlyCount "57"]
[EventDate "2022.12.15"]
[EventType "team-swiss"]
[EventRounds "7"]
[EventCountry "IND"]
[SourceTitle "CBM 212 Extra"]
[Source "ChessBase"]
[SourceDate "2023.03.31"]
[SourceVersion "1"]
[SourceVersionDate "2023.03.31"]
[SourceQuality "1"]
[WhiteTeam "Gandhinagar"]
[BlackTeam "Bhubaneswar"]
[WhiteTeamCountry "IND"]
[BlackTeamCountry "IND"]

1. c4 c5 2. Nc3 e6 3. Nf3 Nc6 4. e3 d5 5. cxd5 exd5 6. d4 Nf6 7. Bb5 a6 8. Bxc6+ bxc6 9. 0-0 Bd6 10. dxc5 Bxc5 11. Qa4 Bd7 12. b3 0-0 13. Ba3 Bxa3 14. Qxa3 Re8 15. h3 Qc8 16. Kh2 Re6 17. Nd4 Re5 18. Rh1 Rg5 19. Qd6 Rg6 20. Qe5 Bxh3 21. gxh3 c5 22. Nf5 Ra7 23. Rhg1 Qd8 24. Rad1 Rd7 25. Nxd5 Rxg1 26. Nxf6+ gxf6 27. Rxg1+ Kh8 28. Rg8+ Kxg8 29. Qg3+ 1-0